00624nam a2200181Ia 450000500170000000800460001703700120006304000200007504100130009508400230010810000140013124500460014526000920019130000090028394200230029299900210031595201060033620250508160658.0008 250505s9999 xx 000 0 eng d aTextual aFEDLbengcFEDL aeng2eng a371.912, LEWqFEDL aLewis M M 0aLanguage and personality in deaf children aLondon, UKbThe National Foundation for Educational Research in England and Walesc1968 a239p cTEXLh371.912, LEW c1366001d1366001 00104070aFEDLbFEDLd2025-05-08l0o371.912, LEWpEL0052609r2025-05-08 16:06:58w2025-05-08yTEXL